Catálogo

Vista normal Vista MARC

Entrada Personal Name

Número de registros utilizados en: 1

001 - CONTROL NUMBER

  • control field: 17624

003 - CONTROL NUMBER IDENTIFIER

  • control field: DLC

005 - DATE AND TIME OF LATEST TRANSACTION

  • control field: 20251020134221.0

008 - FIXED-LENGTH DATA ELEMENTS

  • fixed length control field: 870810n| azannaabn |a aaa

010 ## - LIBRARY OF CONGRESS CONTROL NUMBER

  • LC control number: n 86038869

035 ## - SYSTEM CONTROL NUMBER

  • System control number: (OCoLC)oca01914644

035 ## - SYSTEM CONTROL NUMBER

  • System control number: (CaEvSKY)skya2743029

040 ## - CATALOGING SOURCE

  • Original cataloging agency: DLC
  • Language of cataloging: spa
  • Description conventions: rda
  • Transcribing agency: Mx-PuUPA
  • Modifying agency: DLC
  • Modifying agency: OCoLC
  • Modifying agency: DLC
  • Modifying agency: HU
  • Modifying agency: MX-SlUA
  • Modifying agency: MX-MxCID
  • Modifying agency: Mx-PuUPA

046 ## - SPECIAL CODED DATES

  • Birth date: 19340501

100 1# - HEADING--PERSONAL NAME

  • Personal name: Cárdenas Solórzano, Cuauhtémoc,
  • Dates associated with a name: 1934-

370 ## - ASSOCIATED PLACE

  • Place of birth: Distrito Federal (México)
  • Source of term: naf

372 ## - FIELD OF ACTIVITY

  • Field of activity: ingeniería civil
  • Source of term: lcsh

373 ## - ASSOCIATED GROUP

  • Associated group: Partido de la Revolución Democrática (México)
  • Associated group: Universidad Nacional Autónoma de México
  • Source of term: naf

374 ## - OCCUPATION

  • Occupation: Político
  • Occupation: Autor
  • Source of term: lcsh

375 ## - GENDER

  • Gender: hombre
  • Source of term: lcdgt

377 ## - ASSOCIATED LANGUAGE

  • Language code: spa

400 1# - SEE FROM TRACING--PERSONAL NAME

  • Personal name: Solórzano, Cuauhtémoc Cárdenas
  • Dates associated with a name: 1934-

400 1# - SEE FROM TRACING--PERSONAL NAME

  • Control subfield: nna
  • Personal name: Cárdenas, Cuauhtémoc
  • Dates associated with a name: 1934-

510 1# - SEE ALSO FROM TRACING--CORPORATE NAME

  • Corporate name or jurisdiction name as entry element: Distrito Federal (Mexico).
  • Subordinate unit: Jefe del Departamento del Distrito Federal (1997-2000 : Cárdenas Solórzano)

670 ## - SOURCE DATA FOUND

  • Source citation: Ortega, R. Cárdenas el pequeño, 1986:
  • Information found: p. 9, etc. (ingeniero Cuauhtémoc Cárdenas) p. 159, etc. (Cuauhtémoc Cárdenas Solórzano; former governor of Michoacán state (Mexico))

670 ## - SOURCE DATA FOUND

  • Source citation: LC data base, 8-6-87
  • Information found: (hdg.: Cárdenas, Cuauhtémoc; usage: Cuauhtémoc Cárdenas)

670 ## - SOURCE DATA FOUND

  • Source citation: Cuauhtémoc Cárdenas, c1997:
  • Information found: p. 154 (b. May 1, 1934 in México, D.F.)

670 ## - SOURCE DATA FOUND

  • Source citation: Distrito Federal (Mexico). Jefe del Departamento del Distrito Federal (1997-2000 : Cárdenas Solórzano). Primer informe de gobierno, 1998:
  • Information found: t.p. (Cuauhtémoc Cárdenas Solórzano)

670 ## - SOURCE DATA FOUND

  • Source citation: Imágenes de Salvador Allende, 1981:
  • Information found: title page (Cuauhtemoc Cardenas)

670 ## - SOURCE DATA FOUND

  • Source citation: Wikipedia, via WWW, Jan.21, 2016
  • Information found: (Cuauhtémoc Lázaro Cárdenas Solórzano; político mexicano, fundador del Partido de la Revolución Democrática; Obtuvo su título de ingeniero civil por la Escuela Nacional de Ingeniería de la Universidad Nacional Autónoma de México (UNAM); fue Jefe de Gobierno del Distrito Federal)
  • Uniform Resource Identifier: https://es.wikipedia.org/wiki/Cuauht%C3%A9moc_C%C3%A1rdenas_Sol%C3%B3rzano